000
00325nam a2200133Ia 4500
008
210210b1991 xxu||||| |||| 00| 0 eng d
082
_a
158.3 FUSP
100
_a
FUSTER (J M).
245
_a
Personal counselling.
260
_a
Bombay
_b
Better yourself books
_c
1991
300
_a
317
690
_a
Counselling
906
_a
045770
999
_c
94905
_d
94905